[Event "MCRE_PF15"]
[Site "?"]
[Date "2003.??.??"]
[Round "2"]
[White "Valenta, Josef"]
[Black "Sochor, Frantisek"]
[Result "0-1"]
[WhiteElo "2168"]
[BlackElo "2252"]
[PlyCount "92"]
[EventDate "2003.??.??"]
[EventType "corr"]
[EventRounds "2"]
[SourceDate "2005.03.12"]

1. d4 Nf6 2. c4 g6 3. Nc3 d5 4. cxd5 Nxd5 5. e4 Nxc3 6. bxc3 Bg7 7. Nf3 c5 8.
Rb1 O-O 9. Be3 Qa5 10. Qd2 a6 11. Bc4 Nc6 12. Bd5 Rd8 13. Bg5 cxd4 14. cxd4
Rxd5 15. exd5 Qxd5 16. O-O Bh3 17. Nh4 Be6 18. Rxb7 Nxd4 19. Rxe7 Qxa2 20. Qxa2
Bxa2 21. Rfe1 Be6 22. Rb7 a5 23. Reb1 Be5 24. Be3 Ne2+ 25. Kf1 Bc4 26. Ke1 Nf4
27. Rd7 Re8 28. g3 Bc3+ 29. Kd1 Nd5 30. Kc2 Bf6 31. Kd2 a4 32. Rc1 Bb3 33. Nf3
Bb2 34. Rb1 Nxe3 35. fxe3 a3 36. Ra7 Bd5 37. Nd4 Kg7 38. g4 h6 39. Ra4 Ra8 40.
Rxa8 Bxa8 41. Nb3 Be4 42. Rg1 a2 43. Na1 Kf6 44. Nb3 Kg5 45. Ke2 Kh4 46. Kd2
Kh3 0-1

[Event "MCRE_PF15"]
[Site "?"]
[Date "2003.??.??"]
[Round "2"]
[White "Valenta, Josef"]
[Black "Svajdler, Frantisek"]
[Result "1/2-1/2"]
[WhiteElo "2168"]
[BlackElo "2278"]
[PlyCount "53"]
[EventDate "2003.??.??"]
[EventType "corr"]
[EventRounds "2"]
[SourceDate "2005.03.12"]

1. d4 Nf6 2. c4 e6 3. Nc3 Bb4 4. a3 Bxc3+ 5. bxc3 c5 6. f3 d5 7. cxd5 exd5 8.
e3 Qc7 9. Ne2 Nc6 10. Qc2 O-O 11. dxc5 Re8 12. Nd4 Ne5 13. Be2 Qxc5 14. Rb1 Nc4
15. Rb5 Qc7 16. Bxc4 Qxc4 17. Rb4 Qc7 18. Nb5 Qc5 19. O-O Bd7 20. Nd4 b5 21.
Qd3 a6 22. Rd1 Re5 23. Bb2 a5 24. Rb3 Ne8 25. Bc1 Nd6 26. Ne2 Rae8 27. Qd4
1/2-1/2

[Event "MCRE_PF15"]
[Site "?"]
[Date "2003.??.??"]
[Round "2"]
[White "Valenta, Josef"]
[Black "Votypka, Miroslav"]
[Result "1/2-1/2"]
[WhiteElo "2168"]
[BlackElo "2249"]
[PlyCount "80"]
[EventDate "2003.??.??"]
[EventType "corr"]
[EventRounds "2"]
[SourceDate "2005.03.12"]

1. d4 Nf6 2. c4 g6 3. Nc3 d5 4. cxd5 Nxd5 5. e4 Nxc3 6. bxc3 Bg7 7. Bc4 c5 8.
Ne2 Nc6 9. Be3 O-O 10. O-O Bg4 11. f3 Na5 12. Bd3 cxd4 13. cxd4 Be6 14. Bf2 a6
15. Qd2 b5 16. Rac1 Bc4 17. Rc2 Bxd3 18. Qxd3 Qd7 19. Rd1 Nc4 20. Nc1 Rac8 21.
Nb3 Rfd8 22. Qe2 Qd6 23. Bg3 e5 24. Kh1 Qe7 25. d5 Bh6 26. Be1 Ne3 27. Rxc8
Rxc8 28. Rd3 Nc4 29. Na5 Nxa5 30. Bxa5 Rc1+ 31. Rd1 Qa3 32. Bb6 Be3 33. Bxe3
Qxe3 34. Qxe3 Rxd1+ 35. Qg1 Rxg1+ 36. Kxg1 Kf8 37. Kf2 a5 38. Ke1 Ke7 39. h4 h6
40. g4 g5 1/2-1/2

[Event "MCRE_PF15"]
[Site "?"]
[Date "2003.??.??"]
[Round "2"]
[White "Votypka, Miroslav"]
[Black "Sochor, Frantisek"]
[Result "0-1"]
[WhiteElo "2249"]
[BlackElo "2252"]
[PlyCount "56"]
[EventDate "2003.??.??"]
[EventType "corr"]
[EventRounds "2"]
[SourceDate "2005.03.12"]

1. e4 c5 2. Nf3 d6 3. d4 cxd4 4. Nxd4 Nf6 5. Nc3 a6 6. Be3 Ng4 7. Bg5 h6 8. Bh4
g5 9. Bg3 Bg7 10. h3 Ne5 11. f3 Nbc6 12. Bf2 Bd7 13. Qd2 Na5 14. b3 Rc8 15. Nd5
O-O 16. h4 e6 17. Ne3 Nac6 18. c3 b5 19. hxg5 hxg5 20. Nec2 f5 21. exf5 exf5
22. O-O-O Re8 23. Kb1 f4 24. Nxc6 Rxc6 25. Nd4 Rc5 26. Nc2 Rc6 27. Bd4 Bf5 28.
Kb2 d5 0-1